• 首页
  • 本馆介绍
  • 公告通知
  • 最新文献
  • 馆藏检索
  • 电子资源
  • 读者导购
  • 参考咨询
  • 我的图书馆
  • 登录
  • 详细信息显示
  • 放入我的书架
  • 预约/预借图书
  • 作者相关作品
  • 分类相关作品
  • 丛书相关作品
  • 出版社相关作品

书目信息

  • 表格格式
  • 工作单格式
  • 卡片格式
题名:
代数概要与习题
    
 
作者: 李思华 编
分册:  
出版信息: 石家庄   河北人民出版社  1982
页数: 1010页
开本: 19cm
丛书名:
单 册:
中图分类: O122-44 , G
科图分类:
主题词: 初等代数--习题 , 文化 , 科学 , 教育 , 体育
电子资源:
ISBN:
000 00730nam0 2200301 45
001 0182000870
005 20040427154019.9
010    @dCNY2.30
091    @a7086.1107
100    @a19950425d1982 em y0chiy0121 ea
101 0  @achi
102    @aCN@b130000
105    @ay zq 000yy
106    @ar
200 10 @a代数概要与习题@Adai shu gai yao yu xi ti@f李思华编
210    @a石家庄@c河北人民出版社@d1982
215    @a1010页@d19cm
606    @a初等代数@x习题
606 0  @a文化
606 0  @a科学
606 0  @a教育
606 0  @a体育
690    @aO122-44@v3
690    @aG
701  0 @a李思华@Ali si hua@4编
801  0 @aCN@b上海图书馆@c20040427
801  2 @aCN@bNLC@c20040427
905    @f1@b159382@dG@e633.6/113
    
    代数概要与习题/李思华编.-石家庄:河北人民出版社,1982
    1010页;19cm
    
    
    ISBN :CNY2.30
    
●
相关链接 在E读中查询图书 在五车中查询图书 在当当中查询图书 在豆瓣中查询图书


正题名:代数概要与习题     索取号:G/633.6/113         预约/预借

序号 登录号 条形码 馆藏地/架位号 状态 备注
1 0159382   000494441   第一样本阅览室/ [索取号:G/633.6/113] 在馆    
唐山师范学院图书馆 欢迎您!
大连网信软件有限公司© 版权所有